Normal view MARC view
  • Juárez, Benito,

Entry Nombre Personal

Number of records used in: 1

001 - NUMERO DE CONTROL

  • campo de control: 609

003 - IDENTIFICADOR DE NUMERO DE CONTROL

  • campo de control: UPN

005 - FECHA Y HORA DE LA ÜLTIMA TRANSACCIÓN

  • campo de control: 20220606083020.0

008 - DATOS DE LONGITUD FIJA

  • campo de control de longitud fija: nabaccnnaabn|||||||||| b |nc|||||d

035 ## - NUMERO DE CONTROL

  • Número de control: UPN10000000609

040 ## - FUENTE DE CATALOGACIÓN

  • Lenguaje de catalogación: spa
  • Agencia de transcripción: MX-MxUPN
  • Agencia original de catalogación: MX-MxUPN

100 1# - ENCABEZAMIENTO - NOMBRE PERSONAL

  • Nombre personal: Juárez, Benito,
  • Fechas asociadas con el nombre: 1806-1872
  • Subdivisión temática general : Historia y crítica

400 1# - VEÁSE - NOMBRE DE PERSONA

  • Personal name: Juárez, Benito Pablo,
  • Titles and other words associated with a name: Pres. de México,
  • Dates associated with a name: 1806-1872

400 1# - VEÁSE - NOMBRE DE PERSONA

  • Personal name: Juárez, Benito Pablo,
  • Dates associated with a name: 1806-1872

670 ## - FUENTE EN LA QUE SE LOCALIZARON DATOS

  • Cita de la fuente: T/P
  • Información localizada: Diccionario Porrúa de historia, biografía y geografía de México

902 ## - CATALOGADOR

  • Catalogador: MMA/150306